Normal view
MARC view
- I.J.S.Sarna
Entry Personal Name
001 - CONTROL NUMBER
- control field: 102834
003 - CONTROL NUMBER IDENTIFIER
- control field: NUST
005 - DATE AND TIME OF LATEST TRANSACTION
- control field: 20221117122635.0
008 - FIXED-LENGTH DATA ELEMENTS
- fixed length control field: 221117|| aca||aabn | a|a d
040 ## - CATALOGING SOURCE
- Original cataloging agency: NUST
- Transcribing agency: NUST
100 ## - HEADING--PERSONAL NAME
- Personal name: I.J.S.Sarna
670 ## - SOURCE DATA FOUND
- Source citation: Work cat.: (NUST)189548: I.J.S.Sarna, Problems and Solutions of Mathematics for Engineers with Essential Theory /, 2011
